000 01131nam a2200301 c 4500
001 190917
003 ES-MaACL
005 20250827062644.0
008 220826s2013 sp | |||| 001 0 spa
017 _aM 22751-2013
_bOficina Depósito Legal Madrid
020 _a978-84-309-5868-9
080 _a342.9(460)"19/20"(094.5)
080 _a351.95(460) "2013"
110 1 _aEspaña
_93622
243 1 0 _aLeyes, etc., de administración pública
245 1 0 _aLegislación administrativa /
_cedición preparada por Jesús Leguina Villa, Carmen Chinchilla Marín, Eva Desdentado Daroca, Ximena Lazo Vitoria y Francisco Alés Moreno.
250 _a16ª ed. [ed. act. 2013].
260 _aMadrid :
_bTecnos,
_c2013.
300 _a1581 p. ;
_c21 cm.
490 1 _aBiblioteca de textos legales ;
_v192
500 _aÍndice.
650 7 _aDerecho administrativo-
_zEspaña
_2
_9145992
700 1 _aLeguina Villa, Jesús.
_971314
830 1 _aBiblioteca de textos legales ;
_v192
_9177271
852 4 _aES-MaACL
_jA-15309
_9 198106
_cDEPO1
_dOlim: L 351.95(460) "2013" ESP
942 _2udc
999 _c190917
_d190917